Folklore infantil de Santo Domingo / (Registro nro. 14911)

Detalles MARC
000 -LIDER
fixed length control field 01327nam a2200361 a 4500
001 - NÚMERO DE CONTROL
Identificador de número de control 000011324
003 - IDENTIFICACDOR DE NÚMERO DE CONTROL
control field DO-SdBPM
005 - DATE AND TIME OF LATEST TRANSACTION
control field 20250122122721.0
007 - CAMPOS FIJOS DE DESCRIPCIÓN FÍSICA
fixed length control field 000011324
008 - ELEMENTOS DE LONGITUD FIJA
fixed length control field 091016s2006 dr 001 0 spa d
020 ## - ISBN
International Standard Book Number 9993490636
040 ## - FUENTE DE CATALOGACIÓN
Agencia que crea de manera original el registro DO-SdBPM
Idioma de catalogación spa
Agencia que realiza la transcripción BPMSU
082 #4 - NÚMERO DE CLASIFICACIÓN DECIMAL DE DEWEY
Classification number 398.097293
Item number G241f, 2006
Edition number 22
100 1# - ASIENTO PRINCIPAL -- NOMBRE PERSONAL
Nombre personal Garrido de Boggs, Edna,
Fechas asociadas con el nombre 1913-
245 10 - MENCIÓN DE TITULO
Título Folklore infantil de Santo Domingo /
Mención de responsabilidad Edna Garrido de Boggs ; edición Eleanor Grimaldi Selié
260 ## - PUBLICACIÓN, DISTRIBUCIÓN, ETC. (PIE DE IMPRENTA)
Lugar de publicación, distribución, etc Santo Domingo :
Nombre del editor, distribuidor, etc. Sociedad Dominicana de Bibliófilos,
Fecha de publicación, distribución, etc 2006
300 ## - DESCRIPCIÓN FÍSICA
Extensión 664 p. :
Otros detalles físicos il., mús.
490 0# - MENCIÓN DE SERIES
Mención de serie Clásicos bibliófilos,
Volume/sequential designation 8
500 ## - NOTA GENERAL
Nota general Incluye letras y partituras musicales.
504 ## - NOTA DE BIBLIOGRAFÍA, ETC.
Bibliography, etc Incluye referencias bibliográficas y notas al pie de las páginas.
504 ## - NOTA DE BIBLIOGRAFÍA, ETC.
Bibliography, etc Bibliografía: p. 637-645
533 ## - NOTA DE REPRODUCCIÓN
Tipo de producción Facsímilar
Lugar de reproducción Madrid:
Agencia responsable de la reproducción Cultura Hispánica,
Fecha de reproducción 1955
Descripción física de la reproducción 21 cm.
590 ## - NOTA LOCAL
Texto de la nota local Inventariado, 2025/VM
650 #4 - ENCABEZAMIENTO DE MATERIA--TEMÁTICO
Término temático o nombre geográfico como elemento de entrada Canciones folclóricas dominicanas
650 #4 - ENCABEZAMIENTO DE MATERIA--TEMÁTICO
Término temático o nombre geográfico como elemento de entrada Folclor y niños
Subdivisión geográfica República Dominicana
650 #4 - ENCABEZAMIENTO DE MATERIA--TEMÁTICO
Término temático o nombre geográfico como elemento de entrada Literatura Folclórica dominicana
650 #4 - ENCABEZAMIENTO DE MATERIA--TEMÁTICO
Término temático o nombre geográfico como elemento de entrada Juegos infantiles
700 1# - ASIENTO SECUNDARIO -- NOMBRE PERSONAL
Nombre personal Grimaldi Selié, Eleanor
Mención de responsabilidad editora
710 2# - ASIENTO SECUNDARIO -- NOMBRE CORPORATIVO
Nombre corporativo o de jurisdicción Sociedad Dominicana de Bibliófilos
710 2# - ASIENTO SECUNDARIO -- NOMBRE CORPORATIVO
Nombre corporativo o de jurisdicción Centro Cultural de España
910 ## - VALIDACIÓN
Validación VMateo V. Control de calidad. BPMSU
942 ## - ADDED ENTRY ELEMENTS (KOHA)
Source of classification or shelving scheme Dewey Decimal Classification
Koha item type Libros
Existencias
Withdrawn status Lost status Source of classification or shelving scheme Damaged status Not for loan Collection code Home library Current library Date acquired Total Checkouts Full call number Barcode Date last seen Price effective from Koha item type
    Dewey Decimal Classification     Colección Dominicana Biblioteca Pública Metropolitana Salomé Ureña Biblioteca Pública Metropolitana Salomé Ureña 01/22/2025   BPMSU CD 398.097293 G241f, 2006 BPMSU25010019 01/22/2025 01/22/2025 Libros